| 000 | 00428nab a22001097u 4500 | ||
|---|---|---|---|
| 008 | 130520b2004 xxu||||| |||| 00| 0 eng d | ||
| 041 | _aeng | ||
| 100 | 1 |
_aVerstraeten, Johan _947774 |
|
| 245 | 0 | 0 |
_aFrom Just War to Ethics of Conflict Resolution: A Critique of Just-War Thinking in the Light of the War in Iraq _cJohan Verstraeten |
| 773 | 0 |
_tEthical Perspectives _gV.11, nº2-3,2004,págs. 99-110 _x1370-0049 _wRev202 |
|
| 942 | _cAR | ||
| 999 |
_c300284 _d300284 |
||